000 00586nam a2200217Ia 4500
003 OSt
005 20220928140550.0
006 a|||||r|||| 00| 0
007 ta
008 220927b |||||||| |||| 00| 0 eng d
024 _a9420
037 _cTextual
040 _aSDCL
_cSDCL
_beng
041 _2eng
_aeng
082 _aD6,8(B2895),2, P0
100 _aSima Dezso Ed.
_9495892
245 0 _aAdvanced computer architectures
_b A design space approach
260 _c2000
942 _hD6,8(B2895),2, P0
_cTEXL
_2CC
999 _c812139
_d812139